Sistema Web MLMGLOBAL para la Administración de Negocios Multinivel
Presenta el desarrollo de un sitio Web para personas naturales, micro y pequeña empresa un sistema de venta, así como la automatización de los procesos, actividades de redes multinivel, proveer una herramienta.
| Main Authors: | , |
|---|---|
| Other Authors: | |
| Format: | Tesis Section = Libro |
| Language: | Undetermined Spanish |
| Published: |
Managua
UNI
2018
|
| Subjects: |
| LEADER | 01198nam a2200301Ia 4500 | ||
|---|---|---|---|
| 008 | 240830s9999 xx 000 0 und d | ||
| 040 | |a BIBLIOTECA-RUSB/ Mon 005.74 G958 | ||
| 041 | |a spa | ||
| 082 | |a Mon 005.74 G958 | ||
| 100 | 1 | |a Guillén García, Gabriel Andrés | |
| 100 | 1 | |b Bermúdez Baltodano, Antonio Ernesto | |
| 245 | 1 | 0 | |a Sistema Web MLMGLOBAL para la Administración de Negocios Multinivel |
| 260 | |a Managua |b UNI |c 2018 | ||
| 300 | |a 217 p. :il. | ||
| 500 | |a Contiene: anexos e Incluye: CD. | ||
| 502 | |a Tesis (Ingeniero en Computación) - UNI, 2018. | ||
| 520 | 3 | |a Presenta el desarrollo de un sitio Web para personas naturales, micro y pequeña empresa un sistema de venta, así como la automatización de los procesos, actividades de redes multinivel, proveer una herramienta. | |
| 650 | 7 | |a SISTEMA WEB | |
| 650 | 7 | |b REDES DE TELECOMUNICACIONES | |
| 650 | 7 | |c PLATAFORMA DE COMERCIO ELECTRONICO | |
| 650 | 7 | |d DESARROLLO DE SOFTWARE | |
| 650 | 7 | |e ADMINISTRACIÓN DE NEGOCIOS | |
| 650 | 7 | |f BASES DE DATOS | |
| 650 | 7 | |g AUTOMATIZACION DE LA INFORMACION | |
| 700 | 1 | |a Tutor: |b Montes López, María Lourdes | |
| 942 | |c BK |2 ddc | ||
| 991 | |a TESIS | ||
| 999 | |c 19790 | ||